000 00586nam a2200193Ia 4500
003 GCL
008 140319s9999 xx 000 0 ara d
040 _aGCL /
_cGCL
082 0 4 _a371.926
_bع ت
100 1 _aعزه مختار الدعدع
245 1 0 _aتعليم الطفل بطىء التعلم /
_cعزه مختار الدعدع
700 1 _aسمير عبدالله ابو مغلى
300 _a92
490 _aكتاب
_v0
650 0 4 _aالاطفال
650 0 4 _aالاطفال بطيئو التعلم
650 0 4 _aالاطفال المعوقون
942 _2ddc
_cBK
999 _c41689
_d41689